• 首页
  • 本馆介绍
  • 公告通知
  • 最新文献
  • 馆藏检索
  • 电子资源
  • 读者导购
  • 参考咨询
  • 我的图书馆
  • 登录
  • 详细信息显示
  • 放入我的书架
  • 预约/预借图书
  • 作者相关作品
  • 分类相关作品
  • 丛书相关作品
  • 出版社相关作品

书目信息

  • 表格格式
  • 工作单格式
  • 卡片格式
题名:
细胞生物学概念
    
 
作者: 斯蒂芬森 , Stephenson 著 ;陈受宜 译
分册:  
出版信息: 北京   科学出版社  1982
页数: 217页
开本: 19cm
丛书名:
单 册:
中图分类: Q-0
科图分类:
主题词: 细胞生物学 , 生物学--理论 , 生物学--方法
电子资源:
ISBN:
000 00890nam0 2200313 45
001 0182005623
005 20040524162531.9
010    @dCNY1.80
091    @a13031.1983
100    @a19950421d1982 em y0chiy0121 ea
101 1  @achi@ceng
102    @aCN@b110000
105    @ay z 000yy
106    @ar
200 10 @a细胞生物学概念@Axi bao sheng wu xue gai nian@f(美)斯蒂芬森(W.K.Stephenson)著@g陈受宜译
210    @a北京@c科学出版社@d1982
215    @a217页@d19cm
300    @a书名原文:Concepts in cell biology
510 1  @aConcepts in cell biology@zeng
606    @a细胞生物学
606 0  @a生物学@x理论
606 0  @a生物学@x方法
690    @aQ-0
701  1 @a斯蒂芬森@Asi di fen sen@bW.K.@4著
701 A1 @aStephenson@bW.K.@4著
702  0 @a陈受宜@Achen shou yi@4译
801  0 @aCN@b上海图书馆@c20040524
801  2 @aCN@bNLC@c20040524
905    @f1@b128660@dQ-0@e8
    
    细胞生物学概念/(美)斯蒂芬森(W.K.Stephenson)著/陈受宜译.-北京:科学出版社,1982
    217页;19cm
    书名原文:Concepts in cell biology
    
    ISBN :CNY1.80
    
●
相关链接 在E读中查询图书 在五车中查询图书 在当当中查询图书 在豆瓣中查询图书


正题名:细胞生物学概念     索取号:Q-0/8         预约/预借

序号 登录号 条形码 馆藏地/架位号 状态 备注
1 0128661   202106746   第二样本阅览室/ [索取号:Q-0/8] 在馆    
唐山师范学院图书馆 欢迎您!
大连网信软件有限公司© 版权所有